Μελέτη της αποτελεσματικότητας πειραματικού εμβολίου έναντι της παστερέλλωσης στο λαβράκι Dicentrarchus labrax αδρανοποιημένο με διαφορετικές μεθόδους : πτυχιακή εργασία

Αποθηκεύτηκε σε:
Λεπτομέρειες βιβλιογραφικής εγγραφής
Κύριος συγγραφέας: Αμιράλη, Ηλέκτρα
Συγγραφή απο Οργανισμό/Αρχή: Πανεπιστήμιο Αιγαίου Σχολή Περιβάλλοντος Τμήμα Επιστημών της Θάλασσας
Μορφή: Thesis Βιβλίο
Γλώσσα:Greek
Δημοσίευση: 2016.
Ετικέτες: Προσθήκη ετικέτας
Δεν υπάρχουν, Καταχωρήστε ετικέτα πρώτοι!

MARC

LEADER 00000cam a2200000 a 4500
001 1/120699
008 200122s2016####gr | ||| |||| ||gre||
040 |a GR-MyUa  |b gre  |c GR-MyUa  |e AACR2 
041 0 |a gre 
082 7 |a 0000  |2 (23) 
100 1 |a Αμιράλη, Ηλέκτρα. 
245 1 0 |a Μελέτη της αποτελεσματικότητας πειραματικού εμβολίου έναντι της παστερέλλωσης στο λαβράκι Dicentrarchus labrax αδρανοποιημένο με διαφορετικές μεθόδους :   |b πτυχιακή εργασία /   |c Ηλέκτρας Αμιράλη ; επιβλέπων καθηγητής Μπακόπουλος Βασίλειος.  
260 |c 2016.  
300 |a [χ. αρ.] :   |b πιν. ;   |c 29 εκ.  
500 |a Τριμελής επιτροπή επίβλεψης και κρίσης της εργασίας Μπακόπουλος Βασίλειος, Κόκκορης Γεώργιος, Μπατζάκας Ιωάννης.  
502 |a Πτυχιακή εργασία - Πανεπιστήμιο Αιγαίου, Μυτιλήνη, 2016.  
504 |a Περιλαμβάνει βιβλιογραφία.  
506 0 |a Ηλεκτρονική διάθεση στο πλήρες κείμενο - ελεύθερης πρόσβασης.  
540 |a Κλειδωμένη η δυνατότητα αντιγραφής (copy) από το ηλεκτρονικό κείμενο.  
700 1 |a Μπακόπουλος  |q Βασίλειος.  |e dgs 
710 2 |a Πανεπιστήμιο Αιγαίου  |b Σχολή Περιβάλλοντος  |b Τμήμα Επιστημών της Θάλασσας. 
852 |a INST  |b LESVOS  |c DIATR  |e 20200122  |h 1016  |p 005100062802  |q 005100062802  |t DIE  |y 23 
920 |a Αμιράλη   |b Ηλέκτρα  |y Λέσβος  |z 2017-07 
970 |a Καμάτσου  |b Δέσποινα  |z 21-01-2020